Normal view
MARC view
- Beghi, G .
Entry Personal Name
001 - CONTROL NUMBER
- control field: 1475
003 - CONTROL NUMBER IDENTIFIER
- control field: OSt
005 - DATE AND TIME OF LATEST TRANSACTION
- control field: 20160924105005.0
008 - FIXED-LENGTH DATA ELEMENTS
- fixed length control field: 160924|| aca||aabn | a|a d
040 ## - CATALOGING SOURCE
- Original cataloging agency: OSt
- Transcribing agency: OSt
100 ## - HEADING--PERSONAL NAME
- Personal name: Beghi, G .
670 ## - SOURCE DATA FOUND
- Source citation: Work cat.: (OSt)9865: Beghi, G ., Performance of Solar Energy Converters: Thermal Collectors and Photovolatile Cells / , 1983.
